[Event "AUT-chT2S 9798"]
[Site "Austria"]
[Date "1997.12.06"]
[Round "5"]
[White "Hummel, Markus"]
[Black "Kurasch, Josef"]
[Result "0-1"]
[WhiteElo "2165"]
[BlackElo "2115"]
[PlyCount "79"]
[EventDate "1997.??.??"]
[EventType "team"]
[EventRounds "11"]
[EventCountry "AUT"]
[SourceTitle "EXT 1999"]
[Source "ChessBase"]
[SourceDate "1998.11.16"]
[SourceVersion "1"]
[SourceVersionDate "1998.11.16"]
[SourceQuality "1"]

1. e4 d6 2. Nc3 Nf6 3. Bc4 e5 4. Nf3 Bg4 5. d3 h6 6. h3 Bc8 7. d4 Nbd7 8. Be3 c6 9. Qe2 g6 10. Rd1 Qc7 11. a3 a6 12. g4 b5 13. Bb3 Be7 14. g5 hxg5 15. Nxg5 Rf8 16. f4 Nh5 17. fxe5 dxe5 18. Qg2 exd4 19. Bxd4 Qg3+ 20. Qxg3 Nxg3 21. Rg1 Bxg5 22. Bf2 Ne5 23. Rxg3 Bf4 24. h4 Rh8 25. Ne2 Bxg3 26. Bxg3 Nf3+ 27. Kf2 Nxh4 28. Nd4 Bd7 29. Rh1 g5 30. Nf5 Bxf5 31. exf5 0-0-0 32. Bxf7 Rd2+ 33. Ke3 Rxc2 34. Be6+ Kb7 35. Rd1 Re8 36. Rd7+ Ka8 37. Kd3 Rxb2 38. Rc7 Rd8+ 39. Kc3 Re2 40. Kb4 0-1

[Event "Jacques Lemans op 16th"]
[Site "St Veit"]
[Date "1996.??.??"]
[Round "8"]
[White "Kurasch, Josef"]
[Black "Eichhorn, Alfred"]
[Result "1-0"]
[WhiteElo "2114"]
[BlackElo "2040"]
[PlyCount "62"]
[EventDate "1996.07.??"]
[EventType "swiss"]
[EventRounds "9"]
[EventCountry "AUT"]
[SourceTitle "EXT 1999"]
[Source "ChessBase"]
[SourceDate "1998.11.16"]
[SourceVersion "1"]
[SourceVersionDate "1998.11.16"]
[SourceQuality "1"]

1. Nf3 Nf6 2. c4 Nc6 3. d4 d5 4. Bf4 dxc4 5. e3 Bf5 6. Bxc4 e6 7. a3 a6 8. 0-0 Bd6 9. Bg3 0-0 10. Nc3 Bxg3 11. hxg3 Bg4 12. Rc1 Rc8 13. Be2 Qe7 14. Na4 Nb8 15. Nc5 c6 16. Qb3 b5 17. Qc3 Rfd8 18. Rfe1 h5 19. Ne5 Bxe2 20. Rxe2 h4 21. g4 Nd5 22. Qe1 g5 23. Ned3 Nf6 24. f3 Kg7 25. Nf2 Ng8 26. Qc3 f6 27. Qb3 Kf7 28. f4 Rd5 29. f5 exf5 30. gxf5 Nd7 31. Nxd7 Qxd7 1-0

[Event "Jacques Lemans op 16th"]
[Site "St Veit"]
[Date "1996.??.??"]
[Round "3"]
[White "Kurasch, Josef"]
[Black "Piven, Igor"]
[Result "0-1"]
[WhiteElo "2114"]
[BlackElo "2345"]
[PlyCount "80"]
[EventDate "1996.07.??"]
[EventType "swiss"]
[EventRounds "9"]
[EventCountry "AUT"]
[SourceTitle "EXT 1999"]
[Source "ChessBase"]
[SourceDate "1998.11.16"]
[SourceVersion "1"]
[SourceVersionDate "1998.11.16"]
[SourceQuality "1"]

1. c4 e5 2. Nc3 Nc6 3. Nf3 Nf6 4. g3 d5 5. cxd5 Nxd5 6. Bg2 Nde7 7. 0-0 g6 8. d3 Bg7 9. Bd2 0-0 10. Rb1 a5 11. a3 Nd4 12. b4 axb4 13. axb4 h6 14. Ne4 Ra7 15. Nc3 Kh7 16. Qc1 Bd7 17. Nxd4 exd4 18. Ne4 b6 19. Be1 Be6 20. Nd2 Bd5 21. Nf3 Nf5 22. Ra1 Rxa1 23. Qxa1 Re8 24. Qb2 Qa8 25. Qc2 Qb7 26. Nh4 Nxh4 27. Bxd5 Qxd5 28. gxh4 Qe6 29. Qxc7 Qxe2 30. Qxf7 Rf8 31. Qb7 Qxd3 32. Kg2 Qf5 33. f3 b5 34. Bf2 Rf7 35. Qe4 d3 36. Qxf5 Rxf5 37. Rd1 Rd5 38. Bc5 Bc3 39. Kh3 d2 40. Kg2 Re5 0-1

[Event "Feffernitz Raika op 05th"]
[Site "Feffernitz"]
[Date "1996.??.??"]
[Round "?"]
[White "Kurasch, Josef"]
[Black "Weiss, Richard"]
[Result "1-0"]
[WhiteElo "2060"]
[BlackElo "1675"]
[PlyCount "69"]
[EventDate "1996.08.??"]
[EventType "swiss"]
[EventRounds "9"]
[EventCountry "AUT"]
[SourceTitle "EXT 2004"]
[Source "ChessBase"]
[SourceDate "2003.11.25"]
[SourceVersion "1"]
[SourceVersionDate "2003.11.25"]
[SourceQuality "1"]

1. c4 g6 2. g3 Bg7 3. Bg2 Nc6 4. Nc3 d6 5. e3 e5 6. Nge2 f5 7. 0-0 Nf6 8. d4 0-0 9. d5 Na5 10. b3 b6 11. f4 Rb8 12. Bb2 Ng4 13. Qd2 Qe7 14. h3 Nh6 15. Rfe1 Qf7 16. Kh2 Re8 17. Ng1 e4 18. Nb5 a6 19. Bxg7 Qxg7 20. Nd4 Bd7 21. Rac1 Nb7 22. b4 a5 23. a3 Nf7 24. Bf1 Ra8 25. Nge2 axb4 26. axb4 Rec8 27. Ra1 Qf8 28. Nc3 Rxa1 29. Rxa1 Ra8 30. Qb2 Qb8 31. Rxa8 Qxa8 32. Ne6 Qc8 33. Nxe4 Bxe6 34. Nf6+ Kg7 35. Nd7+ 1-0